000 00622nam a2200229 a 4500
005 20140310183416.0
008 070920s19uu xx 00 eng d
020 _a9780060797423
050 _aHF 5386
_b.W384 2005
100 _aWelch, Jack
245 _aWinning /
_cJack Welch
260 _aNew York :
_bHarper Collins, Publishing Inc,
_c2005.
300 _a372 p. :
_c24 cm.
521 _aBSBA
650 _aSuccess in business.
650 _aStrategic in business.
650 _aStrategic planning.
650 _aNegotiation in business.
700 _aWelch, Suzy
942 _cBK
_2lcc
_kFOR
999 _c22578
_d22578